书目信息 |
| 题名: |
生物技术与可持续农业
|
|
| 作者: | 杨竹平 胡水金 周兴良 | |
| 分册: | ||
| 出版信息: | 上海 上海科学技术文献出版社 2000 |
|
| 页数: | 323 | |
| 开本: | 26cm | |
| 丛书名: | ||
| 单 册: | ||
| 中图分类: | S18 | |
| 科图分类: | ||
| 主题词: | 农业科学:生物学 | |
| 电子资源: | ||
| ISBN: | 7-5439-1232-5 | |
| 000 | 00619nam0 2200181 450 | |
| 001 | 0741144344 | |
| 005 | 20070817112544.34 | |
| 010 | @a7-5439-1232-5@b精装@d¥60.00 | |
| 100 | @a20070817d km y0chiy0120 ea | |
| 101 | 0 | @achi |
| 200 | 1 | @a生物技术与可持续农业@Asheng wu ji shu yu ke chi xu nong ye@f杨竹平 胡水金 周兴良@Fyang zhu ping hu shui jin zhou xing liang |
| 210 | @a上海@c上海科学技术文献出版社@d2000 | |
| 215 | @a323@d26cm | |
| 606 | 0 | @a农业科学:生物学 |
| 690 | @aS18@v3 | |
| 701 | 0 | @a杨竹平 胡水金 周兴良@Ayang zhu ping hu shui jin zhou xing liang |
| 801 | 0 | @aCN@bPFT@c20070817 |
| 905 | @a213230@dS18@en1@f1 | |
| 生物技术与可持续农业/杨竹平 胡水金 周兴良.-上海:上海科学技术文献出版社,2000 |
| 323;26cm |
| ISBN 7-5439-1232-5(精装):¥60.00 |
| ● |
| 相关链接 |
|
|
|
|
正题名:生物技术与可持续农业
索取号:S18/n1
 
预约/预借
| 序号 | 登录号 | 条形码 | 馆藏地/架位号 | 状态 | 备注 |
| 1 | 6600597 | 266005976 | 密集书库-生命科学系/ [索取号:S18/n1] | 在馆 |